1813 1408 1210 1496 1329 1788 1156 1334 1078 1171 1107 1033 1636 1455 1887 1733 1331 1365 1115 1311 1736 1361 1983 1166 1340 1386 1052 1696 1176 1054 1073 1762 1929 1946 1988 1490 1357 1616 1546 1400 1119 1334 1206 1861 1180 1446 1702 1658 1334 1675 1860 1044 1015 1556 1441 1448 1742 1733 1813 1331 1508 1246 1985 1840 1507 1640 1679 1583 1344 1256 1094 1346 1487 1786 1672 1293 1894 1388 1443 1197 1743 1317 1522 1115 1039 1652 1075 1971 1077 1863 1873 1928 1696 1645 1544 1089 1679 1708 1306 BCNSPRNW ULIB Ver.6.0+V

เปลี่ยนเป็นภาษาไทย

Change to English
 แสดงรายละเอียดบรรณานุกรม
  กลับหน้าหลัก

Brief Record : Get Marc (ISO 2709) : E-mail record : QR code < ปิดหน้าต่าง
LEADER : 00000nam 2200000uu 4500
001    13399107933
003     ULIB
008    110210s2546||||th 000 0 tha d
020    9746520121
060 04 WQ100^bต367ต 2546
100 0  อติวุทธ กมุทมาศ
245 00 ตำราสูติศาสตร์ชุดการตั้งครรภ์และการคลอดปกติ /^cบรรณาธิการอติวุทธ กมุทมาศ
260    กรุงเทพฯ :^bบุ๊คเน็ท,^c2546
300    318 หน้า :^bภาพประกอบ ;^c27 ซม.
650  7 การคลอด
650  7 ครรภ์
650  7 สูติศาสตร์
700 0  อติวุทธ กมุทมาศ,^eบรรณาธิการ
945    ^p350^l0^i016834
945    ^p350^l0^i016301
945    ^p350^l0^i016302
945    ^p350^l0^i016300
945    ^p350^l0^i016835
995    ทศพร
999 ^a ใช้งานได้ทุกระบบ
รายการนี้ยังไม่มีแท็ก
คุณยังไม่ได้ล็อกอิน คุณสามารถมีกิจกรรมร่วมกับเว็บไซต์ได้ แต่ต้องล็อกอินก่อน ::
  ล็อกอิน

รายการสื่อสารสนเทศ

ลำดับที่ ประเภท เลขเรียก/บาร์โค้ด สถานที่ สถานะ
- ไม่พบข้อมูล -

รายการใกล้เคียง
    ผู้แต่ง [อติวุทธ กมุทมาศ]

    หัวเรื่อง [การคลอด]
    หัวเรื่อง [ครรภ์]
    หัวเรื่อง [สูติศาสตร์]

BibComment


ยังไม่เคยถูกคอมเมนท์

คอมเมนท์ทรัพยากรรายการนี้
  คอมเมนท์: ตำราสูติศาสตร์ชุด..


 Copyright 2026. Bcnsprnw @Library